[Event "17th Asian-ch"]
[Site "Xingtai CHN"]
[Date "2019.06.13"]
[Round "7.9"]
[White "Nihal, Sarin"]
[Black "Aryan Chopra"]
[Result "1/2-1/2"]
[WhiteElo "2606"]
[BlackElo "2553"]
[EventDate "2019.06.07"]
[PlyCount "92"]

1.d4 Nf6 2.c4 g6 3.Nc3 Bg7 4.e4 d6 5.h3 O-O 6.Be3 e5 7.d5 Na6 8.g4 Nc5 9.
f3 c6 10.b4 cxd5 11.cxd5 Ncd7 12.Bd3 a5 13.a3 Ne8 14.h4 f5 15.gxf5 gxf5 
16.h5 h6 17.Nge2 fxe4 18.Bxe4 Ndf6 19.Bg6 e4 20.Nxe4 axb4 21.Rg1 Rxa3 22.
Rxa3 bxa3 23.Qd2 Nxe4 24.Bxe4 Bf5 25.Bxh6 Qh4+ 26.Kd1 Bxe4 27.Bxg7 Nxg7 
28.fxe4 Qxh5 29.Qc3 Qh7 30.Nd4 Qh5+ 31.Ne2 Qe5 32.Qxe5 dxe5 33.Kc2 Rf2 34.
Re1 Ne8 35.Kb3 Nd6 36.Kxa3 Nxe4 37.Kb4 Kf7 38.Nc1 Nf6 39.Nd3 Nxd5+ 40.Kc5 
Rd2 41.Nxe5+ Kf6 42.Nc4 b6+ 43.Nxb6 Nxb6 44.Kxb6 Rd6+ 45.Kc5 Re6 46.Rxe6+ 
Kxe6 1/2-1/2

[Event "17th Asian-ch"]
[Site "Xingtai CHN"]
[Date "2019.06.13"]
[Round "7.10"]
[White "Xu Xiangyu"]
[Black "Narayanan, Sunilduth Lyna"]
[Result "0-1"]
[WhiteElo "2583"]
[BlackElo "2603"]
[EventDate "2019.06.07"]
[PlyCount "64"]

1.Nf3 Nf6 2.d4 g6 3.Nc3 d5 4.Bf4 Bg7 5.e3 O-O 6.Be2 Bg4 7.Nb5 Na6 8.c4 c6 
9.Nc3 dxc4 10.Bxc4 c5 11.Be5 cxd4 12.Qxd4 Nb4 13.Bxf7+ Rxf7 14.Qxb4 Bxf3 
15.gxf3 Nd5 16.Qb3 Bxe5 17.Nxd5 e6 18.Nc3 Bxc3+ 19.bxc3 Qf6 20.f4 e5 21.
O-O-O exf4 22.e4 f3 23.Qc4 Qf4+ 24.Kb1 Re8 25.Rd4 Kg7 26.h4 h5 27.Rg1 Qxh4
28.Qd5 Qxf2 29.Qg5 Re6 30.Ka1 Qh2 31.Rgd1 Qf4 32.Qc5 f2 0-1

[Event "17th Asian-ch"]
[Site "Xingtai CHN"]
[Date "2019.06.13"]
[Round "7.12"]
[White "Laylo, Darwin"]
[Black "Zeng Chongsheng"]
[Result "1-0"]
[WhiteElo "2433"]
[BlackElo "2561"]
[EventDate "2019.06.07"]
[PlyCount "109"]

1.d4 Nf6 2.c4 g6 3.Nc3 d5 4.e3 Bg7 5.Qb3 e6 6.Nf3 O-O 7.Bd2 Nc6 8.Ne5 Ne7 
9.Rd1 a6 10.a4 c5 11.dxc5 Qc7 12.Nd3 dxc4 13.Qxc4 e5 14.Be2 Be6 15.Qb4 Nc6
16.Qa3 g5 17.f3 e4 18.Nxe4 Nxe4 19.fxe4 Ne5 20.Nf2 g4 21.Bc3 h5 22.Bd4 
Rae8 23.Qc3 Bd7 24.b3 Bc6 25.O-O Re6 26.Nd3 Bxe4 27.Nxe5 Bxe5 28.Bxe5 Qxe5
29.Qxe5 Rxe5 30.Rd7 Bc6 31.Rc7 Rxe3 32.Bc4 Kg7 33.Bxf7 Kh6 34.Rf5 h4 35.
Rh5+ Kg7 36.Rg5+ Kf6 37.Rxg4 Re1+ 38.Kf2 Rc1 39.Rxh4 Rxc5 40.Rh6+ Ke5 41.
Ke3 Rc1 42.Re7+ Kf5 43.Be6+ Kg5 44.Reh7 Re1+ 45.Kd2 Re4 46.g3 Rf2+ 47.Kc3 
Rf3+ 48.Kb2 Rf2+ 49.Ka3 Rxh2 50.Rxh2 Rxe6 51.Rg7+ Kf5 52.Rf2+ Ke5 53.Re2+ 
Be4 54.Rg4 Kd4 55.Rgxe4+ 1-0

[Event "17th Asian-ch"]
[Site "Xingtai CHN"]
[Date "2019.06.13"]
[Round "7.13"]
[White "Sengupta, Deep"]
[Black "Zhao Chenxi"]
[Result "1-0"]
[WhiteElo "2559"]
[BlackElo "2383"]
[EventDate "2019.06.07"]
[PlyCount "81"]

1.e4 c5 2.Nf3 e6 3.d4 cxd4 4.Nxd4 a6 5.c4 Nf6 6.Nc3 Bb4 7.Qd3 Nc6 8.Nxc6 
dxc6 9.Qxd8+ Kxd8 10.e5 Ne4 11.a3 Bxc3+ 12.bxc3 Kc7 13.a4 a5 14.h4 h5 15.
Rh3 Bd7 16.Bd3 Nc5 17.Bc2 b6 18.Rf3 Be8 19.Rg3 g6 20.Bg5 Bd7 21.Rf3 Rh7 
22.Rd1 Rg8 23.Rf4 Bc8 24.Rfd4 f5 25.Bd8+ Kb7 26.Rb1 Nd7 27.Bxb6 Nxe5 28.c5
Ka8 29.Bxa5 Ba6 30.Bb6 Nd7 31.a5 Nf6 32.Ba4 Ne4 33.Bxc6+ Bb7 34.Bxb7+ Kxb7
35.a6+ Kc6 36.Ba5 e5 37.Rdb4 Ra7 38.Rb6+ Kxc5 39.R1b5+ Kc4 40.Rxe5 Rc8 41.
Ke2 1-0

[Event "17th Asian-ch"]
[Site "Xingtai CHN"]
[Date "2019.06.13"]
[Round "7.14"]
[White "Praggnanandhaa, Rameshbabu"]
[Black "Karthik, Venkataraman"]
[Result "1/2-1/2"]
[WhiteElo "2537"]
[BlackElo "2499"]
[EventDate "2019.06.07"]
[PlyCount "142"]

1.e4 c5 2.Nf3 d6 3.d4 cxd4 4.Nxd4 Nf6 5.Nc3 a6 6.h3 e6 7.g4 Nfd7 8.g5 b5 
9.a3 Bb7 10.Be3 Be7 11.h4 Nc6 12.Qd2 O-O 13.O-O-O Nc5 14.f3 Rb8 15.Nxc6 
Bxc6 16.b4 Nd7 17.h5 a5 18.g6 axb4 19.h6 fxg6 20.Bh3 Rf6 21.axb4 gxh6 22.
Bd4 e5 23.Qxh6 Rf7 24.Rdg1 Nf8 25.Bf2 Bf6 26.Qd2 Bg7 27.Be3 Rxf3 28.Bg4 
Rf7 29.Nd5 Ra8 30.Kb2 Ra4 31.Ra1 Bxd5 32.Qxd5 Rxb4+ 33.Kc1 Ra4 34.Rxa4 
bxa4 35.Be2 Nd7 36.Bc4 Qf8 37.Bg5 Nb6 38.Qxf7+ Qxf7 39.Bxf7+ Kxf7 40.Rxh7 
Kg8 41.Rh3 Nd7 42.Rc3 Bf6 43.Be3 Kf7 44.Ra3 Ke6 45.Rxa4 Bd8 46.Ra6 Nf6 47.
Bg5 Be7 48.Ra4 Nd7 49.Be3 Bd8 50.Kd2 Bb6 51.Bxb6 Nxb6 52.Ra1 Nd7 53.Rg1 
Kf6 54.Kc3 Kf7 55.Kc4 Nf6 56.Kd3 Nd7 57.Rh1 Ke6 58.Rh8 Nc5+ 59.Ke3 Kf6 60.
Rb8 Ke6 61.Kf3 Kf6 62.Rb4 Ke6 63.Rb1 Kf6 64.Re1 Ke6 65.Kg4 Kf6 66.Re3 Ke6 
67.Kg5 Kf7 68.Kh6 Kf6 69.Re2 Kf7 70.Re1 Kf6 71.Re2 Kf7 1/2-1/2

[Event "17th Asian-ch"]
[Site "Xingtai CHN"]
[Date "2019.06.13"]
[Round "7.15"]
[White "Gomez, John Paul"]
[Black "Xu Yinglun"]
[Result "1/2-1/2"]
[WhiteElo "2467"]
[BlackElo "2548"]
[EventDate "2019.06.07"]
[PlyCount "35"]

1.Nf3 Nf6 2.c4 e6 3.d4 d5 4.e3 Be7 5.b3 c5 6.dxc5 Bxc5 7.Bb2 O-O 8.Nc3 Nc6
9.cxd5 exd5 10.Be2 d4 11.exd4 Nxd4 12.Nxd4 Bxd4 13.O-O Be6 14.Bf3 Rc8 15.
Qd2 Be5 16.Qe3 Bd4 17.Qd2 Be5 18.Qe3 1/2-1/2

[Event "17th Asian-ch"]
[Site "Xingtai CHN"]
[Date "2019.06.13"]
[Round "7.18"]
[White "Zou Chen"]
[Black "Xu Yi"]
[Result "0-1"]
[WhiteElo "2415"]
[BlackElo "2526"]
[EventDate "2019.06.07"]
[PlyCount "80"]

1.e4 c6 2.d4 d5 3.e5 Bf5 4.Nf3 e6 5.Be2 Ne7 6.O-O Ng6 7.Ne1 h5 8.g3 c5 9.
c3 Nc6 10.Be3 Qb6 11.b3 Bh3 12.Ng2 h4 13.a4 cxd4 14.cxd4 Bb4 15.Qd3 Bf5 
16.Qb5 Qc7 17.Rc1 Be7 18.a5 a6 19.Qa4 hxg3 20.fxg3 f6 21.exf6 gxf6 22.Nd2 
Bd6 23.Bf2 Kf7 24.Rc3 Nge7 25.b4 Qd8 26.Rac1 Bxb4 27.Nb3 Bxc3 28.Rxc3 Rc8 
29.Nf4 e5 30.dxe5 fxe5 31.Nxd5 Nxd5 32.Rf3 Nce7 33.Qe4 Nf6 34.Qxe5 Qc7 35.
Qe3 Qc2 36.Bf1 Qe4 37.Nc5 Rxc5 38.Qb3+ Be6 39.Qa3 Rf5 40.Re3 Qd5 0-1

[Event "17th Asian-ch"]
[Site "Xingtai CHN"]
[Date "2019.06.13"]
[Round "7.19"]
[White "Garcia, Jan Emmanuel"]
[Black "Vishnu Prasanna, Vasanthan"]
[Result "1-0"]
[WhiteElo "2413"]
[BlackElo "2511"]
[EventDate "2019.06.07"]
[PlyCount "117"]

1.Nf3 d5 2.g3 Nf6 3.Bg2 e6 4.O-O Be7 5.c4 O-O 6.b3 b6 7.Bb2 Bb7 8.e3 Nbd7 
9.Nc3 Re8 10.Qe2 a6 11.Rfd1 Bd6 12.d4 Qe7 13.Rac1 dxc4 14.bxc4 c5 15.d5 
exd5 16.Nh4 g6 17.Nxd5 Nxd5 18.Bxd5 Bxd5 19.Rxd5 Nf6 20.Nf5 Nxd5 21.Nxe7+ 
Nxe7 22.Qf3 f5 23.Rd1 Rad8 24.Qb7 Kf7 25.Qxb6 Rb8 26.Qxd6 Rxb2 27.Qxa6 
Reb8 28.Rd7 R8b6 29.Qa7 Re6 30.Qa3 Rb4 31.Rc7 Rxc4 32.Rxc5 Rce4 33.Qb3 g5 
34.Rb5 g4 35.Rb6 Kf6 36.Rxe6+ Rxe6 37.a4 Nc6 38.Qc3+ Ne5 39.a5 Rc6 40.Qa3 
Ra6 41.Qf8+ Nf7 42.Qb8 Nd6 43.Kg2 h5 44.Qh8+ Ke6 45.Qg8+ Ke5 46.Qg7+ Kd5 
47.Qd4+ Kc6 48.Qe5 Nb7 49.Qc3+ Nc5 50.Qf6+ Kb5 51.Qxf5 Rxa5 52.Qxh5 Ra4 
53.h3 gxh3+ 54.Kxh3 Kc6 55.Qe8+ Kd6 56.g4 Nd7 57.Qg6+ Ke7 58.Qh7+ Ke8 59.
g5 1-0

[Event "17th Asian-ch"]
[Site "Xingtai CHN"]
[Date "2019.06.13"]
[Round "7.20"]
[White "Xu Zhihang"]
[Black "Akash, Ganesan"]
[Result "0-1"]
[WhiteElo "2504"]
[BlackElo "2404"]
[EventDate "2019.06.07"]
[PlyCount "64"]

1.d4 Nf6 2.c4 e6 3.Nc3 Bb4 4.e3 c5 5.a3 Bxc3+ 6.bxc3 Nc6 7.Bd3 O-O 8.Ne2 
b6 9.e4 Ne8 10.Be3 Ba6 11.Ng3 Nd6 12.Qg4 f6 13.Nh5 Rf7 14.Qe2 Na5 15.e5 
fxe5 16.dxe5 Ndxc4 17.Bf4 g6 18.Bxc4 Nxc4 19.Qg4 Rxf4 20.Nxf4 Nxe5 21.Qg3 
Qf6 22.O-O-O Bb5 23.Rhe1 Nc4 24.Rd3 Bc6 25.Nh3 Rf8 26.a4 e5 27.f3 d5 28.
Nf2 e4 29.fxe4 Qxf2 30.Qxf2 Rxf2 31.exd5 Bxa4 32.d6 Rc2+ 0-1

[Event "17th Asian-ch"]
[Site "Xingtai CHN"]
[Date "2019.06.13"]
[Round "7.21"]
[White "Ma Zhonghan"]
[Black "Lin Yi"]
[Result "1/2-1/2"]
[WhiteElo "2488"]
[BlackElo "2396"]
[EventDate "2019.06.07"]
[PlyCount "56"]

1.d4 Nf6 2.c4 g6 3.Nc3 d5 4.cxd5 Nxd5 5.e4 Nxc3 6.bxc3 Bg7 7.Bc4 c5 8.Ne2 
O-O 9.O-O Nc6 10.Be3 b6 11.dxc5 Qc7 12.Nd4 Ne5 13.Nb5 Qb8 14.Be2 bxc5 15.
Bxc5 a6 16.Nd4 Qc7 17.Nb3 Rd8 18.Qe1 Bb7 19.f3 a5 20.Bd4 a4 21.Nd2 Ba6 22.
Bxa6 Rxa6 23.Qg3 Rc6 24.Rad1 Nd3 25.Bxg7 Kxg7 26.Qxc7 Rxc7 27.Nb1 Rdd7 28.
Rd2 Rc4 1/2-1/2

[Event "17th Asian-ch"]
[Site "Xingtai CHN"]
[Date "2019.06.13"]
[Round "7.22"]
[White "Sadhwani, Raunak"]
[Black "Sankalp, Gupta"]
[Result "1-0"]
[WhiteElo "2482"]
[BlackElo "2359"]
[EventDate "2019.06.07"]
[PlyCount "67"]

1.Nf3 Nf6 2.g3 g6 3.Bg2 Bg7 4.O-O d5 5.d4 O-O 6.c4 dxc4 7.Na3 c3 8.bxc3 c5
9.Re1 Nc6 10.e4 Bg4 11.Bb2 Qb6 12.Rb1 Rad8 13.d5 e6 14.c4 Qa6 15.Qb3 Na5 
16.Qa4 Bxf3 17.Bxf3 Nd7 18.Bxg7 Kxg7 19.Qc2 e5 20.Qc3 b6 21.Bg4 Kg8 22.f4 
Nb7 23.Nb5 exf4 24.e5 Qa5 25.Qb2 a6 26.Na7 Nb8 27.e6 f5 28.e7 fxg4 29.
exf8=Q+ Rxf8 30.Re7 Rf7 31.Re8+ Rf8 32.Rxf8+ Kxf8 33.Qh8+ Kf7 34.Qxb8 1-0

[Event "17th Asian-ch"]
[Site "Xingtai CHN"]
[Date "2019.06.13"]
[Round "7.23"]
[White "Huang Renjie"]
[Black "Dai Changren"]
[Result "0-1"]
[WhiteElo "2327"]
[BlackElo "2480"]
[EventDate "2019.06.07"]
[PlyCount "98"]

1.e4 e5 2.Nf3 Nc6 3.Nc3 d6 4.g3 g6 5.Bg2 Bg7 6.O-O Nge7 7.d3 O-O 8.Be3 Nd4
9.Ne2 Nxf3+ 10.Bxf3 Bh3 11.Bg2 Bxg2 12.Kxg2 Qd7 13.Qd2 f5 14.f3 d5 15.Bg5 
Rf7 16.Rae1 Raf8 17.Nc3 d4 18.Nd1 Nc6 19.Nf2 Qe6 20.a3 Kh8 21.Bh6 f4 22.
Bxg7+ Kxg7 23.g4 Qf6 24.Rh1 Qh4 25.Nd1 h5 26.Qf2 Qf6 27.gxh5 gxh5 28.Reg1 
Kh6 29.Kf1 Ne7 30.Qe1 Ng6 31.h4 Rg7 32.Rg5 Ne7 33.Nf2 b6 34.Nh3 Rfg8 35.
Qf2 Qe6 36.b3 Rxg5 37.hxg5+ Kg7 38.g6 Qf6 39.Rg1 Kh6 40.Qh2 Rxg6 41.Rxg6+ 
Nxg6 42.Nf2 Qe7 43.Qh3 Qxa3 44.Ng4+ Kg5 45.Nxe5 Qc1+ 46.Ke2 Qe3+ 47.Kf1 
Nxe5 48.Qf5+ Kh4 49.Qxe5 Qxf3+ 0-1

[Event "17th Asian-ch"]
[Site "Xingtai CHN"]
[Date "2019.06.13"]
[Round "7.25"]
[White "Tran Tuan Minh"]
[Black "Nguyen Duc Hoa"]
[Result "1-0"]
[WhiteElo "2526"]
[BlackElo "2436"]
[EventDate "2019.06.07"]
[PlyCount "53"]

1.c4 Nf6 2.Nc3 e5 3.Nf3 Nc6 4.d4 exd4 5.Nxd4 g6 6.Bg5 Bg7 7.e3 O-O 8.Be2 
h6 9.Bh4 Nxd4 10.Qxd4 d6 11.Qd2 g5 12.Bg3 Bf5 13.O-O Ne4 14.Nxe4 Bxe4 15.
Bd3 Bc6 16.Rac1 f5 17.b4 b6 18.Rfd1 Qf6 19.f3 h5 20.c5 h4 21.cxd6 hxg3 22.
Rxc6 gxh2+ 23.Kh1 cxd6 24.Rxd6 Qe5 25.f4 gxf4 26.exf4 Qc3 27.Qe2 1-0

[Event "17th Asian-ch"]
[Site "Xingtai CHN"]
[Date "2019.06.13"]
[Round "7.26"]
[White "Bilguun, Sumiya"]
[Black "Zhang Ziji"]
[Result "1/2-1/2"]
[WhiteElo "2478"]
[BlackElo "2408"]
[EventDate "2019.06.07"]
[PlyCount "73"]

1.e4 e5 2.Nf3 Nc6 3.Bc4 Bc5 4.O-O Nf6 5.d3 O-O 6.h3 d6 7.c3 a6 8.Bb3 h6 9.
Re1 Qe8 10.Nbd2 Be6 11.Nf1 d5 12.Qe2 Qd7 13.Ng3 dxe4 14.dxe4 Bxb3 15.axb3 
Rfd8 16.b4 Bf8 17.Be3 Qd3 18.Qxd3 Rxd3 19.Kf1 Rdd8 20.Nd2 g6 21.Nb3 Kg7 
22.Ke2 Bd6 23.h4 h5 24.f3 Nd7 25.Nf1 Nb6 26.Nfd2 f6 27.Na5 Nxa5 28.Rxa5 
Nd7 29.Nc4 Be7 30.Rd5 Nb8 31.Rxd8 Bxd8 32.Na5 b6 33.Nc4 Kf7 34.Bf2 Ke6 35.
Ra1 f5 36.Ke3 fxe4 37.fxe4 1/2-1/2

[Event "17th Asian-ch"]
[Site "Xingtai CHN"]
[Date "2019.06.13"]
[Round "7.27"]
[White "Zhao Yuanhe"]
[Black "Wang Shixu"]
[Result "1/2-1/2"]
[WhiteElo "2444"]
[BlackElo "2392"]
[EventDate "2019.06.07"]
[PlyCount "32"]

1.c4 Nf6 2.Nc3 e5 3.g3 Bb4 4.Bg2 O-O 5.e4 Bxc3 6.bxc3 c6 7.Ne2 d5 8.cxd5 
cxd5 9.exd5 Nxd5 10.O-O Nc6 11.Rb1 Nb6 12.Ba3 Re8 13.Bc5 Bg4 14.Re1 Qd7 
15.d3 Rad8 16.Bxb6 axb6 1/2-1/2

[Event "17th Asian-ch"]
[Site "Xingtai CHN"]
[Date "2019.06.13"]
[Round "7.28"]
[White "Krishna, C. R. G."]
[Black "Rahul Srivatshav, P."]
[Result "1/2-1/2"]
[WhiteElo "2481"]
[BlackElo "2395"]
[EventDate "2019.06.07"]
[PlyCount "76"]

1.d4 Nf6 2.Nf3 g6 3.c4 Bg7 4.e3 O-O 5.Be2 d6 6.O-O Nbd7 7.Nc3 e5 8.Qc2 Re8
9.Rd1 c6 10.b4 e4 11.Nd2 Qe7 12.b5 Nf8 13.bxc6 bxc6 14.Qa4 Qc7 15.Ba3 a5 
16.Rdc1 Bf5 17.Rab1 h5 18.d5 c5 19.Qc6 Qe7 20.Nb5 Red8 21.Nb3 Rac8 22.Qb6 
Ng4 23.Bxg4 Bxg4 24.Bb2 Qg5 25.Kh1 Nd7 26.Qxa5 Bxb2 27.Rxb2 Ne5 28.Rbc2 
Qh4 29.Nd2 Be2 30.Nxe4 Bd3 31.Nexd6 Bxc2 32.Rxc2 Ng4 33.h3 Nxf2+ 34.Rxf2 
Qxf2 35.Nxc8 Rxc8 36.d6 Qf1+ 37.Kh2 Qd3 38.Nd4 Qxe3 1/2-1/2

[Event "17th Asian-ch"]
[Site "Xingtai CHN"]
[Date "2019.06.13"]
[Round "7.29"]
[White "Chen Qi"]
[Black "Song Yuxin"]
[Result "1-0"]
[WhiteElo "2453"]
[BlackElo "2308"]
[EventDate "2019.06.07"]
[PlyCount "85"]

1.e4 e5 2.Nf3 Nc6 3.Bb5 a6 4.Ba4 Nf6 5.O-O Bc5 6.d3 b5 7.Bb3 d6 8.c3 O-O 
9.h3 h6 10.Re1 Bb7 11.Nbd2 Re8 12.Nf1 Ne7 13.Nh4 g5 14.Qf3 Kg7 15.Nf5+ 
Nxf5 16.Qxf5 Bc8 17.Qf3 Be6 18.Be3 Bxe3 19.Nxe3 c5 20.Rad1 Nh7 21.d4 c4 
22.Bc2 Qf6 23.Qh5 Rad8 24.Rd2 Nf8 25.Red1 Ng6 26.g3 Qe7 27.Kh2 f6 28.b3 
Qc7 29.bxc4 bxc4 30.Ba4 Rh8 31.d5 Bd7 32.Bxd7 Qxd7 33.Nf5+ Kf7 34.Rb1 Rc8 
35.Rb6 Rc7 36.Rxd6 Qc8 37.Rb2 Rb7 38.Rdb6 Rxb6 39.Rxb6 Qc5 40.Rb7+ Kf8 41.
Kg2 Qc8 42.Qxg6 Qxb7 43.Qxf6+ 1-0

[Event "17th Asian-ch"]
[Site "Xingtai CHN"]
[Date "2019.06.13"]
[Round "7.30"]
[White "Torre, Eugenio"]
[Black "Chu Wei Chao"]
[Result "1/2-1/2"]
[WhiteElo "2451"]
[BlackElo "2374"]
[EventDate "2019.06.07"]
[PlyCount "82"]

1.d4 d5 2.Nf3 Bf5 3.c4 e6 4.Nc3 c6 5.e3 Nd7 6.Bd3 Bxd3 7.Qxd3 Ngf6 8.O-O 
Be7 9.b3 O-O 10.Bb2 Qa5 11.Rfd1 Rfd8 12.a3 h6 13.Qf1 Qb6 14.b4 dxc4 15.Nd2
Nd5 16.Nxc4 Qc7 17.Ne4 N7b6 18.Rac1 Nxc4 19.Qxc4 a5 20.Nc5 axb4 21.axb4 
Qb6 22.Bc3 Ra3 23.Be1 Nc7 24.Ra1 Rxa1 25.Rxa1 Bf6 26.Ne4 Be7 27.Nc5 Nb5 
28.Qa2 Qc7 29.Nd3 Bd6 30.f4 Qe7 31.Qb3 Qf6 32.Bf2 Qf5 33.Nc5 Bxc5 34.bxc5 
Qe4 35.h3 Kh7 36.Kh2 f5 37.Ra2 Qd5 38.Qxd5 exd5 39.g4 Kg6 40.Kg2 h5 41.g5 
Kf7 1/2-1/2

[Event "17th Asian-ch"]
[Site "Xingtai CHN"]
[Date "2019.06.13"]
[Round "7.31"]
[White "Srijit, Paul"]
[Black "Harshit, Raja"]
[Result "0-1"]
[WhiteElo "2361"]
[BlackElo "2437"]
[EventDate "2019.06.07"]
[PlyCount "90"]

1.e4 e5 2.Nf3 Nc6 3.Bb5 Nf6 4.d3 Bc5 5.c3 O-O 6.O-O d6 7.h3 Ne7 8.d4 Bb6 
9.dxe5 dxe5 10.Qxd8 Rxd8 11.Re1 Ng6 12.a4 a6 13.Bf1 Bd7 14.Bg5 Bc6 15.Nbd2
Ba7 16.b4 h6 17.Bxf6 gxf6 18.Nc4 Be8 19.Ne3 Ne7 20.Ra2 Bc6 21.Nc4 b5 22.
Na5 Be8 23.axb5 axb5 24.Nd2 Bb6 25.Ndb3 Nc6 26.Rea1 Nxa5 27.Nxa5 Kg7 28.g4
Ra7 29.Kg2 Rda8 30.h4 Bc6 31.f3 h5 32.gxh5 Kh6 33.Kh2 f5 34.Bd3 Be3 35.Rg2
Rd8 36.Bc2 Ba8 37.Rf1 c5 38.Nb3 Bf4+ 39.Kh3 fxe4 40.fxe4 c4 41.Na5 Rad7 
42.Rfg1 Rd3+ 43.Bxd3 Rxd3+ 44.Rg3 Rxg3+ 45.Rxg3 Bxg3 0-1

[Event "17th Asian-ch"]
[Site "Xingtai CHN"]
[Date "2019.06.13"]
[Round "7.32"]
[White "Battulga, Namkhai"]
[Black "Chan Kim Yew"]
[Result "1-0"]
[WhiteElo "2425"]
[BlackElo "2293"]
[EventDate "2019.06.07"]
[PlyCount "86"]

1.e4 c5 2.Nf3 Nc6 3.d4 cxd4 4.Nxd4 g6 5.Nc3 Bg7 6.Be3 Nf6 7.Bc4 Qa5 8.O-O 
O-O 9.Bb3 d6 10.h3 Bd7 11.Re1 Rfe8 12.f4 Nxd4 13.Bxd4 Bc6 14.Qd3 Nd7 15.
Bxg7 Kxg7 16.Kh2 Rad8 17.Rad1 Nc5 18.Qg3 Nxb3 19.axb3 Qc5 20.Rd2 a5 21.Re3
b5 22.Ne2 b4 23.c4 bxc3 24.bxc3 a4 25.b4 Qc4 26.Nd4 a3 27.Rd1 Ra8 28.Ra1 
a2 29.e5 dxe5 30.Rxe5 Bd5 31.f5 Ra6 32.Qe3 Rc8 33.Rxe7 Qxc3 34.Qe5+ Rf6 
35.fxg6 hxg6 36.Rf1 a1=Q 37.Qxf6+ Kg8 38.Rxa1 Qxa1 39.Rd7 Qa2 40.Qg5 Be6 
41.b5 Qf2 42.Qg3 Qf6 43.Rd6 Qf1 1-0

[Event "17th Asian-ch"]
[Site "Xingtai CHN"]
[Date "2019.06.13"]
[Round "7.33"]
[White "Harshavardhan, G. B."]
[Black "Winkelman, Albert"]
[Result "1-0"]
[WhiteElo "2406"]
[BlackElo "2176"]
[EventDate "2019.06.07"]
[PlyCount "45"]

1.e4 c5 2.Nf3 Nc6 3.d4 cxd4 4.Nxd4 g6 5.Nc3 Bg7 6.Be3 Nf6 7.Bc4 Qa5 8.O-O 
O-O 9.Bb3 d6 10.Nd5 Re8 11.Nxf6+ Bxf6 12.c3 Bd7 13.f4 Qc7 14.Nxc6 Bxc6 15.
Qd3 Qa5 16.a4 Rf8 17.g4 b5 18.axb5 Bxb5 19.Qd5 Rab8 20.e5 dxe5 21.fxe5 e6 
22.Qc5 Bg7 23.Qxa7 1-0

[Event "17th Asian-ch"]
[Site "Xingtai CHN"]
[Date "2019.06.13"]
[Round "7.34"]
[White "Amartuvshin, Ganzorig"]
[Black "Bai, Adelard"]
[Result "1-0"]
[WhiteElo "2394"]
[BlackElo "2074"]
[EventDate "2019.06.07"]
[PlyCount "64"]

1.d4 d5 2.c4 c6 3.Nc3 Nf6 4.Nf3 dxc4 5.a4 e6 6.e3 c5 7.Bxc4 cxd4 8.exd4 
Nc6 9.O-O Be7 10.Bg5 O-O 11.Re1 Bd7 12.Rc1 Nb4 13.Qb3 Qa5 14.Ne5 Bc8 15.
Rcd1 Nfd5 16.Bd2 Qd8 17.Ne4 Nc6 18.Qg3 Nxd4 19.Ng4 Kh8 20.Bc3 Nf5 21.Qh3 
Qc7 22.Bxd5 exd5 23.Nef6 Bxf6 24.Nxf6 h6 25.Nxd5 Qc6 26.g4 Qg6 27.Kh1 Nh4 
28.Qxh4 Bxg4 29.Rd3 h5 30.Rg3 Kh7 31.h3 f5 32.Re7 Rf7 1-0

[Event "17th Asian-ch"]
[Site "Xingtai CHN"]
[Date "2019.06.13"]
[Round "7.35"]
[White "Quizon, Daniel"]
[Black "Kojima, Shinya"]
[Result "0-1"]
[WhiteElo "2351"]
[BlackElo "2400"]
[EventDate "2019.06.07"]
[PlyCount "52"]

1.e4 e5 2.Nf3 Nc6 3.Bb5 a6 4.Ba4 Nf6 5.d3 d6 6.c3 g6 7.O-O Bg7 8.Nbd2 O-O 
9.h3 Re8 10.Re1 h6 11.a3 b5 12.Bc2 a5 13.d4 exd4 14.cxd4 Nd7 15.Nf1 a4 16.
Be3 Na5 17.Qc1 Kh7 18.N1d2 c5 19.h4 Nc6 20.e5 cxd4 21.Bg5 hxg5 22.Nxg5+ 
Kg8 23.e6 fxe6 24.Be4 Bb7 25.Bxc6 Rc8 26.Qb1 Bxc6 0-1

[Event "17th Asian-ch"]
[Site "Xingtai CHN"]
[Date "2019.06.13"]
[Round "7.37"]
[White "Peng Hongchi"]
[Black "Chaulagain, Purushottam"]
[Result "1-0"]
[WhiteElo "2370"]
[BlackElo "2020"]
[EventDate "2019.06.07"]
[PlyCount "71"]

1.e4 c5 2.Nf3 d6 3.d4 cxd4 4.Nxd4 Nf6 5.Nc3 a6 6.f3 e6 7.g4 b5 8.a3 h6 9.
Be3 Be7 10.Qd2 Bb7 11.O-O-O Nc6 12.h4 Rc8 13.Rg1 Nd7 14.g5 hxg5 15.Bxg5 g6
16.Bxb5 axb5 17.Ndxb5 Nde5 18.Bxe7 Qxe7 19.Nxd6+ Kf8 20.Nxc8 Bxc8 21.Qf2 
Nc4 22.Nb5 Rh5 23.Nd4 Qc5 24.Rg5 Qb6 25.b3 e5 26.Rxh5 gxh5 27.Qe2 N4a5 28.
Nxc6 Nxc6 29.Kb2 Be6 30.Qd2 Nd4 31.Qh6+ Ke7 32.Qe3 Bc4 33.f4 exf4 34.Qxd4 
Qxd4+ 35.Rxd4 f3 36.bxc4 1-0

[Event "17th Asian-ch"]
[Site "Xingtai CHN"]
[Date "2019.06.14"]
[Round "8.2"]
[White "Karthikeyan, Murali"]
[Black "Zhumabaev, Rinat"]
[Result "0-1"]
[WhiteElo "2593"]
[BlackElo "2625"]
[EventDate "2019.06.07"]
[PlyCount "92"]

1.e4 e5 2.Nf3 Nc6 3.Bb5 a6 4.Ba4 d6 5.c3 Bd7 6.O-O g6 7.d4 Bg7 8.Bg5 f6 9.
Be3 Nh6 10.dxe5 fxe5 11.c4 Ng4 12.Bg5 Bf6 13.Bd2 Bg7 14.Bg5 Nf6 15.Nc3 O-O
16.c5 dxc5 17.Qb3+ Kh8 18.Qxb7 Nd4 19.Nxe5 Bxa4 20.Nxa4 Rb8 21.Qa7 Qe8 22.
Nxc5 Nb5 23.Qxb8 Qxb8 24.Ned7 Nxd7 25.Nxd7 Qe8 26.Nxf8 Qxf8 27.Rad1 Nd4 
28.Be3 Qb4 29.Rfe1 Kg8 30.b3 c5 31.Bd2 Qb5 32.e5 Ne2+ 33.Kh1 Bxe5 34.Bh6 
Bd4 35.Rd2 Nc3 36.h3 Kf7 37.Be3 Ne4 38.Rc2 Qd3 39.Rc4 Bxe3 40.fxe3 h5 41.
a3 Kg7 42.Rec1 Qxe3 43.b4 Ng3+ 44.Kh2 Ne2 45.Rd1 Qg3+ 46.Kh1 Qb3 0-1

[Event "17th Asian-ch"]
[Site "Xingtai CHN"]
[Date "2019.06.14"]
[Round "8.5"]
[White "Aryan Chopra"]
[Black "Adhiban, Baskaran"]
[Result "1/2-1/2"]
[WhiteElo "2553"]
[BlackElo "2676"]
[EventDate "2019.06.07"]
[PlyCount "157"]

1.e4 e5 2.Nf3 Nc6 3.d4 exd4 4.Nxd4 Nf6 5.Nxc6 bxc6 6.e5 Qe7 7.Qe2 Nd5 8.c4
Ba6 9.b3 Qh4 10.a3 Nf4 11.Qe4 Ng6 12.Qxh4 Nxh4 13.Nd2 Bb7 14.g3 c5 15.Rg1 
Nf3+ 16.Nxf3 Bxf3 17.Bg2 Bxg2 18.Rxg2 Rb8 19.Rb1 d6 20.exd6 Bxd6 21.Be3 
Kd7 22.Kd2 Kc6 23.Kc2 h5 24.Rd1 h4 25.gxh4 Rxh4 26.Rxg7 f5 27.Rd3 Rxh2 28.
Rg6 f4 29.Bxf4 Rxf2+ 30.Bd2 a5 31.a4 Rh8 32.Rg1 Rh4 33.Rd1 Rd4 34.Rxd4 
cxd4 35.Kd3 Rf3+ 36.Kxd4 Bc5+ 37.Ke4 Rxb3 38.Bxa5 Re3+ 39.Kf4 Ra3 40.Bd2 
Rxa4 41.Rc1 Ra2 42.Be3 Ra3 43.Bxc5 Kxc5 44.Ke4 c6 45.Rc2 Rb3 46.Rc1 Rh3 
47.Rc2 Rh4+ 48.Kd3 Rh3+ 49.Ke4 Rh4+ 50.Kd3 Rd4+ 51.Ke3 Rd1 52.Ke2 Rd6 53.
Rc1 Kb4 54.c5 Rd5 55.Ke3 Kb3 56.Ke4 Kb2 57.Rc4 Ka3 58.Rc1 Kb3 59.Ke3 Kb4 
60.Ke4 Kb5 61.Ke3 Rxc5 62.Rb1+ Kc4 63.Rc1+ Kd5 64.Ra1 Rc3+ 65.Kd2 Kd4 66.
Ra4+ Rc4 67.Ra5 c5 68.Ra3 Rb4 69.Kc2 Rc4+ 70.Kd2 Kd5 71.Rc3 Rh4 72.Rg3 Kc4
73.Kc2 Rh2+ 74.Kc1 Kb4 75.Rg4+ c4 76.Rg3 Rf2 77.Rh3 Ra2 78.Rg3 c3 79.Rg8 
1/2-1/2

[Event "17th Asian-ch"]
[Site "Xingtai CHN"]
[Date "2019.06.14"]
[Round "8.6"]
[White "Liu Yan"]
[Black "Maghsoodloo, Parham"]
[Result "1/2-1/2"]
[WhiteElo "2504"]
[BlackElo "2665"]
[EventDate "2019.06.07"]
[PlyCount "75"]

1.d4 Nf6 2.Nf3 e6 3.c4 b6 4.g3 Ba6 5.b3 Bb7 6.Bg2 Bb4+ 7.Bd2 c5 8.O-O O-O 
9.Bc3 Na6 10.Bb2 cxd4 11.Nxd4 Bxg2 12.Kxg2 Qc8 13.a3 Be7 14.Nc3 Qb7+ 15.f3
Rfd8 16.e4 d6 17.Qe2 Nc5 18.b4 Ncd7 19.Rac1 Rac8 20.f4 Bf8 21.Nf3 a5 22.
Rfe1 axb4 23.axb4 d5 24.e5 d4 25.exf6 dxc3 26.fxg7 Bxb4 27.Bxc3 Bxc3 28.
Rxc3 Qc6 29.Qe4 Qxe4 30.Rxe4 Nf6 31.Re2 b5 32.Ne5 Rd4 33.c5 Re4 34.Rb2 Nd5
35.Rcb3 b4 36.Nd3 Rb8 37.c6 Rc4 38.Nxb4 1/2-1/2

[Event "17th Asian-ch"]
[Site "Xingtai CHN"]
[Date "2019.06.14"]
[Round "8.7"]
[White "Nguyen Ngoc Truong Son"]
[Black "Lalith Babu, Musunuri Rohit"]
[Result "1/2-1/2"]
[WhiteElo "2639"]
[BlackElo "2571"]
[EventDate "2019.06.07"]
[PlyCount "139"]

1.d4 Nf6 2.c4 g6 3.Nc3 Bg7 4.e4 d6 5.Nf3 O-O 6.Be2 e5 7.O-O Nc6 8.dxe5 
Nxe5 9.Nxe5 dxe5 10.Be3 c6 11.Qa4 Be6 12.Rfd1 Nd7 13.Qb4 Qb8 14.Rd2 Re8 
15.Rad1 Bf8 16.Qa5 b6 17.Qa4 Qc7 18.b4 a6 19.a3 Nf6 20.Qc2 Ng4 21.Bg5 h6 
22.Bh4 g5 23.Bg3 h5 24.h3 Nf6 25.Qb2 h4 26.Nb5 Qe7 27.Bxe5 Nxe4 28.Nc7 Bf5
29.Rd3 Qxe5 30.Qxe5 Rxe5 31.Nxa8 a5 32.Rb3 axb4 33.axb4 Nc3 34.Rxc3 Rxe2 
35.Re3 Rxe3 36.fxe3 Bxb4 37.Kf2 Bc5 38.Rd8+ Kg7 39.Rb8 Bd6 40.Rb7 Be4 41.
Nxb6 Kf6 42.Na4 Ke6 43.Ra7 f6 44.Ra5 Bg3+ 45.Kg1 Kd6 46.Nc5 Bc2 47.Kf1 Be5
48.Ke2 Bc3 49.Ra2 Kxc5 50.Rxc2 Kxc4 51.Ra2 c5 52.Ra8 Be5 53.Rc8 Kb5 54.Kd3
Kb4 55.Rc6 Kb5 56.Rc8 Kb4 57.Ke4 c4 58.Kd5 Kc3 59.Rxc4+ Kd3 60.e4 Ke3 61.
Rc2 Kf4 62.Re2 Kg3 63.Ra2 Bf4 64.Ke6 Be5 65.Kf5 Bd4 66.Rd2 Be5 67.Ra2 Bd4 
68.Re2 Be5 69.Rd2 Ba1 70.Ra2 1/2-1/2